Contabilidade para gestores, analistas e outros profissionais : (Record no. 672)

MARC details
000 -LÍDER
Campo Fixo de Controle 00857nam a2200241 a 4500
001 - NÚMERO DE CONTROLE
Campo de Controle 672
003 - IDENTIFICAÇÃO DO NÚMERO DE CONTROLE
Campo de Controle BR-CuiBMT
005 - DATA E HORA DA ÚLTIMA ATUALIZAÇÃO
Campo de Controle 20231113184040.0
008 - DADOS FIXOS
Dados Fixos 231113s2017 spba 001 0 por d
020 ## - INTERNATIONAL STANDARD BOOK NUMBER
Nº do ISBN 9788597012101
040 ## - AGÊNCIA CATALOGADORA
Código da Agência Catalogadora BR-CuiBMT
Agência que transcreveu o registro BR-CuiBMT
080 ## - Nº DA CLASSIFICAÇÃO DECIMAL UNIVERSAL
Nº edição CDU 2007
Nº Class. CDU 657.1
090 ## - NÚMERO DE CHAMADA
Nº classificação 657.1
Cutter B734c
Ano/Edição 2. ed.
100 1# - ENTRADA PRINCIPAL -- AUTOR PESSOAL
Nome pessoal Borinelli, Márcio Luiz
245 10 - TÍTULO PRINCIPAL
Título principal Contabilidade para gestores, analistas e outros profissionais :
Subtítulo de acordo com os pronunciamentos do CPC (Comitê de Pronunciamentos Contábeis) e IFRS (Normas Internacionais de Contabilidade) /
Indicação de responsabilidade Márcio Luiz Borinelli, Renê Coppe Pimentel.
250 ## - EDIÇÃO
Edição 2. ed.
260 ## - PUBLICAÇÃO, DISTRIBUIÇÃO, ETC.
Local de publicação São Paulo :
Editora Atlas,
Data c2017.
300 ## - DESCRIÇÃO FÍSICA
N. páginas ou volumes xxviii, 492 p. :
Ilustrações il. ;
Dimensões 24 cm
504 ## - NOTA DE BIBLIOGRAFIA, ETC.
Nota de bibliografia Inclui bibliografia e índice.
650 ## - ASSUNTO TÓPICO
Cabeçalho tópico ou nome geográfico Contabilidade
700 1# - ENTRADA SECUNDÁRIA -- NOME PESSOAL
Nome pessoal Pimentel, Renê Coppe
942 ## - ELEMENTOS DE ENTRADA ADICIONAIS (KOHA)
Fonte de classificação ou esquema de arquivamento Classificação Decimal Universal
Tipo de item do Koha Livros
Holdings
Estado: removido Estado: perdido Fonte de classificação ou esquema de arquivamento Estado: danificado Indisponível para empréstimo Localização permanente Localização atual Data de aquisição Total Checkouts Número de Chamada completo Código de barras Date last seen Número do exemplar Preço efetivo a partir de Tipo de item (Koha)
    Classificação Decimal Universal     Biblioteca da Escola Superior de Contas do TCE/MT Biblioteca da Escola Superior de Contas do TCE/MT 13/11/2023   657.1 B734c 2. ed. BIBTCEMT23110514 13/11/2023 Ex. 1 13/11/2023 Livros

Powered by Koha